| 000 | 00980nam a2200229Ia 4500 | ||
|---|---|---|---|
| 003 | IN-BaIIA | ||
| 008 | 211028s9999 xx 000 0 eng d | ||
| 020 | _a978-3-938616-87-9 | ||
| 040 | _cIIA Library | ||
| 080 |
_a520(082.1) _bMOD |
||
| 111 |
_aWorkshop on Modern Solar Facilities-Advanced Solar Science _cGermany _d2006 Sept. 27 - 29 _931967 |
||
| 245 | 0 |
_aModern solar facilities-advanced solar science _bproceedings of a workshop held at Gottingen, Germany, September 27 - 29, 2006 _cedited by Franz Kneer, Klaus G. Puschmann and Axel D. Wittmann |
|
| 260 |
_aGottingen _bUniveristatsverlag Gottingen _c2007 |
||
| 300 | _a381p. | ||
| 650 |
_aHigh precision observation _931968 |
||
| 650 |
_aHigh resolution observation _931969 |
||
| 650 |
_aTelescope and instrumentation _931970 |
||
| 700 |
_aKneer, Franz, ed. _931971 |
||
| 700 |
_aPuschmann, Klaus G., ed. _931972 |
||
| 700 |
_aWittmann, Axel D., ed. _931973 |
||
| 942 | _cBK | ||
| 999 |
_c17014 _d17014 |
||